000 00579nam a2200193Ii 4500
003 JO-AjNU
008 230605s9999||||xx |||||||||||||| ||und||
040 _aJO-AjNU
_bara
_erda
_cJO-AjNU
041 _aara
050 1 4 _aQH366.2.S2812 1985
100 3 _aجواد ، ليث عبد الجليل,
_eauthor
_917296
245 0 0 _aعلم التطور
264 3 1 _aالبصرة ؛ د.ن ، 1985
300 _a346ص
336 _atext
_btxt
_2rdacontent
337 _aunmediated
_bn
_2rdamedia
338 _avolume
_bnc
_2rdacarrier
650 4 _aالنشوء والارتقاء
_917297
999 _aA5313
_c8881
_d8881